The evangelizing parish: (Record no. 9005)

000 -LEADER
fixed length control field 00599nam a2200193 a 4500
001 - CONTROL NUMBER
control field :::00006786$&:&@@
003 - CONTROL NUMBER IDENTIFIER
control field OkBaRHE
005 - DATE AND TIME OF LATEST TRANSACTION
control field 20000607103333.0
008 - FIXED-LENGTH DATA ELEMENTS--GENERAL INFORMATION
fixed length control field s1987 j 000 0 eng u
040 ## - CATALOGING SOURCE
Transcribing agency
100 1# - MAIN ENTRY--PERSONAL NAME
Personal name Brennan, Patrick J.
245 14 - TITLE STATEMENT
Title The evangelizing parish:
Remainder of title theologies and strategies for renewal.
260 ## - PUBLICATION, DISTRIBUTION, ETC. (IMPRINT)
Place of publication, distribution, etc Allen, TX., :
Name of publisher, distributor, etc Tabor Publishing
Date of publication, distribution, etc c1987
300 ## - PHYSICAL DESCRIPTION
Extent 117 p. ;
Dimensions 23 cm.
650 ## - SUBJECT ADDED ENTRY--TOPICAL TERM
Topical term or geographic name as entry element Church Renewal
650 ## - SUBJECT ADDED ENTRY--TOPICAL TERM
Topical term or geographic name as entry element Evangelistic Work
942 ## - ADDED ENTRY ELEMENTS (KOHA)
Source of classification or shelving scheme
Koha item type Books
Copies
Full call number Withdrawn status Permanent Location Barcode Not for loan Koha item type Damaged status Date last seen Shelving location Price effective from Lost status Copy number Source of classification or shelving scheme Date acquired
BV 600 .B7 RHEMA Bible Training College6786 Books 2010-04-14General Stacks2010-04-14 1 2010-04-14